<?xml version="1.0" encoding="UTF-8"?>
<record
    xmlns:xsi="http://www.w3.org/2001/XMLSchema-instance"
    xsi:schemaLocation="http://www.loc.gov/MARC21/slim http://www.loc.gov/standards/marcxml/schema/MARC21slim.xsd"
    xmlns="http://www.loc.gov/MARC21/slim">

  <leader>00654nam a22001577a 4500</leader>
  <controlfield tag="008">120618t        xxu||||| |||| 00| 0 eng d</controlfield>
  <datafield tag="020" ind1=" " ind2=" ">
    <subfield code="a">0852974604</subfield>
  </datafield>
  <datafield tag="050" ind1=" " ind2=" ">
    <subfield code="a">HG4028.C63</subfield>
  </datafield>
  <datafield tag="100" ind1=" " ind2=" ">
    <subfield code="a">Coyle, Brian </subfield>
  </datafield>
  <datafield tag="245" ind1=" " ind2=" ">
    <subfield code="a">Mergers and acquisitions. /</subfield>
    <subfield code="c">Brian Coyle, </subfield>
  </datafield>
  <datafield tag="260" ind1=" " ind2=" ">
    <subfield code="a">United Kingdom;</subfield>
    <subfield code="b">CIB publishing,</subfield>
    <subfield code="c">2000.</subfield>
  </datafield>
  <datafield tag="300" ind1=" " ind2=" ">
    <subfield code="a">124 p.:</subfield>
    <subfield code="b">ill.;</subfield>
    <subfield code="c">22cm</subfield>
  </datafield>
  <datafield tag="500" ind1=" " ind2=" ">
    <subfield code="a">Includes index.</subfield>
  </datafield>
  <datafield tag="505" ind1=" " ind2=" ">
    <subfield code="a">Contents: Introduction -- M&amp;A strategies -- The Takeover process -- Valuations -- Structuring a Takeover deal -- The Regulaiton of mergers and takeovers -- Hostile bids and defense tactics -- Demergers and divestments -- Accounting issues.</subfield>
  </datafield>
  <datafield tag="942" ind1=" " ind2=" ">
    <subfield code="2">lcc</subfield>
    <subfield code="c">BK</subfield>
  </datafield>
  <datafield tag="999" ind1=" " ind2=" ">
    <subfield code="c">1395</subfield>
    <subfield code="d">8895</subfield>
  </datafield>
  <datafield tag="952" ind1=" " ind2=" ">
    <subfield code="0">0</subfield>
    <subfield code="1">0</subfield>
    <subfield code="2">lcc</subfield>
    <subfield code="4">0</subfield>
    <subfield code="7">0</subfield>
    <subfield code="a">WIUC-1</subfield>
    <subfield code="b">WIUC-1</subfield>
    <subfield code="c">GEN</subfield>
    <subfield code="d">2012-06-18</subfield>
    <subfield code="l">0</subfield>
    <subfield code="o">HG4028.C63</subfield>
    <subfield code="p">3491/12</subfield>
    <subfield code="r">2012-06-18 00:00:00</subfield>
    <subfield code="t">1</subfield>
    <subfield code="w">2012-06-18</subfield>
    <subfield code="y">BK</subfield>
  </datafield>
  <datafield tag="952" ind1=" " ind2=" ">
    <subfield code="0">0</subfield>
    <subfield code="1">0</subfield>
    <subfield code="2">lcc</subfield>
    <subfield code="4">0</subfield>
    <subfield code="7">0</subfield>
    <subfield code="a">WIUC-1</subfield>
    <subfield code="b">WIUC-1</subfield>
    <subfield code="c">GEN</subfield>
    <subfield code="d">2012-06-18</subfield>
    <subfield code="l">0</subfield>
    <subfield code="o">HG4028.C631</subfield>
    <subfield code="p">3492/12</subfield>
    <subfield code="r">2012-06-18 00:00:00</subfield>
    <subfield code="t">2</subfield>
    <subfield code="w">2012-06-18</subfield>
    <subfield code="y">BK</subfield>
  </datafield>
  <datafield tag="952" ind1=" " ind2=" ">
    <subfield code="0">0</subfield>
    <subfield code="1">0</subfield>
    <subfield code="2">lcc</subfield>
    <subfield code="4">0</subfield>
    <subfield code="7">0</subfield>
    <subfield code="a">WIUC-1</subfield>
    <subfield code="b">WIUC-1</subfield>
    <subfield code="c">REF</subfield>
    <subfield code="d">2012-11-26</subfield>
    <subfield code="l">0</subfield>
    <subfield code="o">HG4028.C632</subfield>
    <subfield code="p">6762/12</subfield>
    <subfield code="r">2012-11-26 00:00:00</subfield>
    <subfield code="t">3</subfield>
    <subfield code="w">2012-11-26</subfield>
    <subfield code="y">BK</subfield>
  </datafield>
</record>
